000 00370nam a22001697a 4500
005 20260413130321.0
008 160627b xxu||||| |||| 00| 0 eng d
020 _a81-7167-464-X
041 _aeng
082 _a823.7
100 _aBronte, Charlotte
_92900
245 _aThe Professor
260 _bRupa
_c2004
300 _a285
650 _aManagement
942 _cBK
999 _c4197
_d4196